Piłka nożna - kluby piłkarzy - Statystyki

Ogólne statystyki
  • Ten quiz został rozwiązany 149 razy
  • Średni wynik to 11 z 15
Statystyki odpowiedzi
zawodnik klub(y) inny klub, w którym
występował zawodnik
% Poprawnych
Neymar FC Barcelona, PSG Santos | Al Hilal
92%
Sergio Aguero Manchester City, Atletico Madryt Indepediente | FC Barcelona
86%
Isco Real Madryt Malaga | Sevilla | Real Betis
85%
Benjamin Pavard Bayern Monachium Lille | Stuttgart | Inter | Olympique Marsylia
80%
Gerard Pique FC Barcelona Manchester United | Real Zaragoza
78%
Samuel Eto'o FC Barcelona, Chelsea FC, Inter Mediolan Kadji SA | Leganes | Real Madryt | Espanyol | Mallorca | Anży | Everton | Sampdoria | Antalyaspor | Konyaspor | Qatar SC
74%
Rodri Manchester City Villarreal | Atletico
71%
Frank Lampard Chelsea FC West Ham | Swansea | New York City | Manchester City
71%
Thiago Silva PSG, Chelsea FC RS Futebol | Juventude | FC Porto | Dynamo Moskwa | Fluminense | AC Milan
70%
Raheem Sterling Manchester City, Liverpool FC, Chelsea FC Arsenal FC
69%
Jadon Sancho Borussia Dortmund, Manchester United Chelsea | Aston Villa
69%
Mario Gotze Bayern Monachium, Borussia Dortmund PSV | Eintracht
66%
Mario Mandzukić Bayern Monachium, Juventus Turyn Zeljeznicar SB | NK Marsonia | NK Zagreb |Dinamo Zagrzeb | Wolfsburg | Atletico | Al Duhail | AC Milan
66%
Paulo Dybala Juventus FC, AS Roma Instituto | Palermo
64%
Steven Gerrard Liverpool FC LA Galaxy
45%
Nie znaleziono quizów pasujących do podanych kryteriów
Rozkład punktacji
Procent ludzi z każdym wynikiem
Percentyl według liczby udzielonych odpowiedzi
Twoja historia wyników
Nie rozwiązałeś tego quizu